00328nam a2200121Ia 4500008004100000041000800041082001600049100003500065245004400100260002600144300001900170999001700189241015s9999 xx 000 0 und d aeng a381.142 REE aReeves, Martin / Pidun, Ulrich aBusiness Ecosystems Business Ecosystems bDe GruyteraUSAc2022 a280;. P. 22 cm c41586d41586